| 000 | 01006cam a22002411i 4500 | ||
|---|---|---|---|
| 003 | SA-RiAUC | ||
| 005 | 20251031125119.0 | ||
| 008 | 251026s1998 ua g 000u0 ara c | ||
| 040 |
_aSA-JeALM _bara _cSA-RiAUC _erda |
||
| 050 | 0 | 0 | _bH87. 1998 |
| 082 | 0 | 4 | _a212.3 |
| 090 |
_a212.3 _bح س ن |
||
| 100 | 1 |
_aالحسني، محمد بن علوي المالكي، _d1367-1425 هجري _eمؤلف. |
|
| 245 | 1 | 0 |
_aحول الاحتفال بذكرى المولد النبوي الشريف / _cالسيد محمد بن علوي المالكي الحسني. |
| 264 | 1 |
_aالمنامة - البحرين : _bراشد بن ابراهيم المريخي، _bالمطبعة الشرقية . _c1985 |
|
| 300 |
_a38 صفحة. _c18 سم . |
||
| 336 |
_aنص _btxt _2rdacontent _3كتاب |
||
| 337 |
_aبدون وسيط _bn _2rdamedia |
||
| 650 | 7 |
_aالمولد النبوي _2aucsh |
|
| 650 | 7 |
_aالبدع في الإسلام _2aucsh |
|
| 942 |
_2ddc _cBOOK _n0 |
||
| 949 |
_aSA-JeALM _d251026 _uosman123 _n1 |
||
| 999 |
_c12870 _d12870 |
||